| Tag |
First Indicator |
Second Indicator |
Subfields |
| LEADER |
00000cam a2200000 a 4500 |
| 001 |
in00000008705 |
| 005 |
20151003080029.0 |
| 008 |
870708s1987 stkc b 00110 eng d |
| 010 |
|
|
|a gb 87020855
|
| 015 |
|
|
|a GB87-20855
|
| 020 |
|
|
|a 0852245416 :
|c £10.00 : CIP confirmed
|
| 035 |
|
|
|a (OCoLC)15662866
|
| 035 |
|
|
|9 AAA1106AM
|
| 040 |
|
|
|a UKM
|c UKM
|d TXA
|d UtOrBLW
|
| 050 |
|
4 |
|a PR5341
|b .M5 1987
|
| 082 |
0 |
|
|a 070.5
|2 19
|
| 100 |
1 |
|
|a Millgate, Jane.
|
| 245 |
1 |
0 |
|a Scott's last edition :
|b a study in publishing history /
|c Jane Millgate.
|
| 264 |
|
1 |
|a Edinburgh :
|b Edinburgh University Press,
|c 1987.
|
| 300 |
|
|
|a 154 pages, 14 unnumbered pages :
|b portraits ;
|c 20 cm.
|
| 336 |
|
|
|a text
|b txt
|2 rdacontent
|
| 337 |
|
|
|a unmediated
|b n
|2 rdamedia
|
| 338 |
|
|
|a volume
|b nc
|2 rdacarrier
|
| 504 |
|
|
|a Includes bibliography and index.
|
| 600 |
1 |
0 |
|a Scott, Walter,
|d 1771-1832.
|t Waverley novels.
|
| 600 |
1 |
0 |
|a Scott, Walter,
|d 1771-1832
|x Publications.
|
| 999 |
|
|
|a MARS
|
| 999 |
f |
f |
|s 34f89d04-ff03-38da-a06b-b93d97c10696
|i 12ef7bc6-e0db-3c3f-99aa-cac34568ed0b
|t 0
|
| 952 |
f |
f |
|p normal
|a Texas A&M University
|b College Station
|c Sterling C. Evans Library
|d Evans: Library Stacks
|t 0
|e PR5341 .M5 1987
|h Library of Congress classification
|i unmediated -- volume
|m A14812546239
|
| 998 |
f |
f |
|a PR5341 .M5 1987
|t 0
|l Evans: Library Stacks
|